000 00857nam a2200181 a 4500
008 201029s2014 ||||||||||||||||| || u
020 _a9781848192225
050 _aBF 204.6 Woo
100 _aWood, Jane
245 1 4 _aThe compassionate practitioner: How to create a successful and rewarding practice
_cBy Jane Wood
260 _aLondon
_bSinging Dragon
_c2014
300 _a205 pages
650 _aCOMPASSION
650 _aTHERAPIST AND PATIENT
650 _aPOSITIVE PSYCHOLOGY
995 _aMEDICAL LIBRARY OPEN ACCESS
_e904978
_FCBU-SCHOOL OF MEDICINE LIBRARY (Ndola)
_I16.29
_jBF 204.6 Woo
_M2
_UAVAILABLE
_WNov 10, 2020
_y904978
_ZMedical Library Open Access Collection
995 _aMEDICAL LIBRARY OPEN ACCESS
_e904979
_FCBU-SCHOOL OF MEDICINE LIBRARY (Ndola)
_I16.29
_jBF 204.6 Woo
_M1
_UAVAILABLE
_WNov 10, 2020
_y904979
_ZMedical Library Open Access Collection
999 _c64033
_d64033